000 01082nam a2200313 i 4500
001 193436
003 SpMaBN
005 20250825062731.0
007 ta
008 900725s1960 sp j spa
016 7 _abimoBNE19971319004
_zIND9100146306
_2SpMaBN
017 _aM 32-1958
_bOficina Depósito Legal Madrid
035 _a(OCoLC)733437525
040 _aSpMaBN
_bspa
_cA2
_dSpMaBN
080 _a929 Catalina (470) II
245 0 0 _aCatalina II, emperatriz de Rusia /
_cUn Embajador de la época
260 _aMadrid :
_bRevista Literaria "Novelas y cuentos",
_c1960
300 _a72 páginas ;
_c23 cm
336 _2rdacontent
_aTexto
337 _2rdamedia
_asin mediación
338 _2rdacarrier
_avolumen
490 0 _aRevista literaria "Novelas y cuentos"
_v; año 32, n. 1510
600 0 4 _aCatalina
_bII
_c, Emperatriz de Rusia
_2embne
_937041
655 0 _aBiografías
_9176647
852 _aES-MaACL
_cDEPOF
_j2345-F-1
_9200904
942 _n0
_cFOLLETOS
999 _c193436
_d193436